书目信息 |
| 题名: |
中文版Flash MX 2004动画制作标准教程
|
|
| 作者: | 刘庆红 主编 | |
| 分册: | ||
| 出版信息: | 上海 上海科学普及出版社 2004.8 |
|
| 页数: | 288页 | |
| 开本: | 26cm | |
| 丛书名: | ||
| 单 册: | ||
| 中图分类: | TP391.41-43 | |
| 科图分类: | ||
| 主题词: | 网页--wang ye , 图形软件--tu xing ruan jian , 网页--wang ye--制作--图形软件--教材 | |
| 电子资源: | ||
| ISBN: | 7-5427-2850-4 | |
| 000 | 00959nam0 2200253 45 | |
| 001 | 012005000794 | |
| 005 | 20061229165947.57 | |
| 010 | @a7-5427-2850-4@dCNY26.00 | |
| 100 | @a20050802d2004 em y0chiy0121 ea | |
| 101 | 0 | @achi |
| 102 | @aCN@b310000 | |
| 105 | @aak z 000yy | |
| 200 | 1 | @a中文版Flash MX 2004动画制作标准教程@Azhong wen ban flash mx 2004 dong hua zhi zuo biao zhun jiao cheng@f刘庆红主编 |
| 210 | @a上海@c上海科学普及出版社@d2004.8 | |
| 215 | @a288页@c图@d26cm | |
| 330 | @a本书全面介绍了动画制作软件Flash的最新版本——中文版Flash MX 2004。首先介绍了中文版Flash MX 2004 的使用环境、基本操作等, 然后详细介绍了文本处理、绘图、颜色处理、图形对象处理等内容 | |
| 606 | 0 | @a网页@Awang ye |
| 606 | 0 | @a图形软件@Atu xing ruan jian |
| 606 | 0 | @a网页@Awang ye@x制作@x图形软件@j教材 |
| 610 | 0 | @aFlash MX 2004 |
| 690 | @aTP391.41-43@v4 | |
| 701 | 0 | @a刘庆红@Aliu qing hong@4主编 |
| 801 | 0 | @aCN@c20061229 |
| 905 | @a10447@dTP391.41-43@eL660 | |
| 中文版Flash MX 2004动画制作标准教程/刘庆红主编.-上海:上海科学普及出版社,2004.8 |
| 288页:图;26cm |
| ISBN 7-5427-2850-4:CNY26.00 |
| 本书全面介绍了动画制作软件Flash的最新版本——中文版Flash MX 2004。首先介绍了中文版Flash MX 2004 的使用环境、基本操作等, 然后详细介绍了文本处理、绘图、颜色处理、图形对象处理等内容 |
| ● |
| 相关链接 |
|
|
|
正题名:中文版Flash MX 2004动画制作标准教程
索取号:TP391.41-43/L660
 
预约/预借
| 序号 | 登录号 | 条形码 | 馆藏地/架位号 | 状态 | 备注 |
| 1 | 640267 | 206402677 | 自科库301/301自科库 68排7列3层/ [索取号:TP391.41-43/L660] | 在馆 | |
| 2 | 640268 | 206402686 | 自科二线404/404自科库 11排1列2层/ [索取号:TP391.41-43/L660] | 在馆 | |
| 3 | 640269 | 206402695 | 自科库301/301自科库 68排7列3层/ [索取号:TP391.41-43/L660] | 在馆 |